00618nam a2200205Ia 4500003000400000005001700004008004100021020001800062040000700080041000800087082001300095100002500108245004300133260004500176300000900221650002200230942001300252999001900265952012800284OSt20250925103813.0250729s2005 xx 000 0 und d a9788171696086 cAL aeng a370 NARE aNarula Manju9222758 aEffective teaching in higher education aNew DelhibCommonwealth Publishersc2005 a244p aEducation9222759 2ddccBED c235597d235597 00104070aALbALd2025-07-29eSita Book Houseg155.00l0o370 NAREpBED00916r2025-07-29 16:54:08v155.00w2025-07-29yBK